LIBRARY & INFORMATION CENTRE, KCAET, TAVANUR

ONLINE PUBLIC ACCESS CATALOGUE (OPAC)

Watershed Models (Record no. 14423)

MARC details
000 -LEADER
fixed length control field 00330nam a22001457a 4500
003 - CONTROL NUMBER IDENTIFIER
control field OSt
008 - FIXED-LENGTH DATA ELEMENTS--GENERAL INFORMATION
fixed length control field 260225b |||||||| |||| 00| 0 eng d
020 ## - INTERNATIONAL STANDARD BOOK NUMBER
ISBN 889336093
082 ## - DEWEY DECIMAL CLASSIFICATION NUMBER
Classification number 551.48
Item number VIJ/WA
245 ## - TITLE STATEMENT
Title Watershed Models
260 ## - PUBLICATION, DISTRIBUTION, ETC. (IMPRINT)
Place of publication New York
Name of publisher Tylor & Francis
Year of publication 2006
300 ## - PHYSICAL DESCRIPTION
Number of Pages 653
942 ## - ADDED ENTRY ELEMENTS (KOHA)
Koha item type Books
Holdings
Withdrawn status Lost status Damaged status Collection code Home library Current library Shelving location Date acquired Source of acquisition Cost, normal purchase price Full call number Accession Number Koha item type
        KAUAET KAUAET General Stacks 22/06/2017 Penta Books, Calicut 11580.80 551.48 VIJ/WA 25073 Books
        KAUAET KAUAET Reference 22/06/2017 Vigyan books 13050.00 551.48 VIJ/WA 25437 Books
free website counter